| 000 | 00663nam a2200217 u 4500 | ||
|---|---|---|---|
| 005 | 20240831063813.0 | ||
| 008 | 170322s2009 es r 000 0 spa d | ||
| 020 | _a9788423694051 | ||
| 035 | _aUPN01000216986 | ||
| 049 | _aI | ||
| 050 | 4 |
_aPQ6652 O7.3 _bQ4.9 |
|
| 100 | 1 |
_aBordons, Paloma, _d1964- _933408 |
|
| 245 | 1 | 1 |
_a¡Que viene horripeludo! / _cPaloma Bordons ; il. Maria Espluga. |
| 260 |
_aBarcelona, Esp. : _bEdebé, _c2009. |
||
| 300 |
_a30 p. : _bil. col. |
||
| 440 | 0 |
_aMis cuentos favoritos. _pTren azul |
|
| 650 | 4 |
_aCuentos infantiles españoles _97725 |
|
| 650 | 4 |
_aImaginación en niños _912146 |
|
| 905 | _aInfantil | ||
| 999 |
_c189086 _d189086 |
||